000 00534nmm a2200193Ia 4500
008 251105s9999||||xx |||||||||||||||||und||
020 _a9789681605292
041 _aspa
100 _aToscano, Salvador
245 0 _aCuauhtémoc
264 _a[México D.C., Mexico] :
_bFondo de Cultura Económica,
_c2014
300 _a255 páginas
490 _aPopular
650 _aBiography
700 _aToscano, Salvador
700 1 _a Heliodoro Valle, Rafael
856 _uhttps://public.digitaliapublishing.com/a/43621
942 _cCF
999 _c72022
_d72022